=LDR 00000nam 2200000 4500 =001 INLIS000000000060235 =005 20220117083323 =035 ##$$a 0010-0122000171 =007 ta =008 220117###########################0###### =020 ##$$a 978-623-90742-8-9 =082 ##$$a 639. 598 28 =084 ##$$a 639. 598 28 Tri p =245 ##$$a Pendekatan Analisis Risiko Trawler ( Siene Nets Fising Boat ) di Patai Jawa Timur /$c Trijoko Lelonoa, Gatut Bintotoa =300 ##$$a 75 halaman ; $c 21 cm =650 #4$$a Ikan - Teknik Penangkapan (Trawler ) - Jawa - Timur =264 ##$$a Selong :$b Dinas Kelautan dan Perikanan Kabupaten Lombok Timur,$c 2020 =336 ##$$a Teks$2 rdacontent =337 ##$$a Buku$2 rdamedia =338 ##$$a Lain - lain$2 rdacarrier =990 ##$$a 02210221 =990 ##$$a 23/50/2021